| 000 -LEADER |
| fixed length control field |
02991cam a2200481 i 4500 |
| 001 - CONTROL NUMBER |
| control field |
1038815261704786 |
| 003 - CONTROL NUMBER IDENTIFIER |
| control field |
OSt |
| 005 - DATE AND TIME OF LATEST TRANSACTION |
| control field |
20230810112923.0 |
| 008 - FIXED-LENGTH DATA ELEMENTS--GENERAL INFORMATION |
| fixed length control field |
160622t20162015enkabf b 001 0 eng d |
| 020 ## - INTERNATIONAL STANDARD BOOK NUMBER |
| International Standard Book Number |
9780143109921 |
| Qualifying information |
(paperback) |
| 020 ## - INTERNATIONAL STANDARD BOOK NUMBER |
| International Standard Book Number |
0143109928 |
| Qualifying information |
(paperback) |
| 035 ## - SYSTEM CONTROL NUMBER |
| System control number |
(OCoLC)952022143 |
| Canceled/invalid control number |
(OCoLC)941443137 |
| -- |
(OCoLC)943697626 |
| -- |
(OCoLC)1201919171 |
| 035 ## - SYSTEM CONTROL NUMBER |
| System control number |
(OCoLC)ocn952022143 |
| 040 ## - CATALOGING SOURCE |
| Original cataloging agency |
NDU |
| Language of cataloging |
eng |
| Description conventions |
rda |
| Transcribing agency |
NDU |
| Modifying agency |
OCLCO |
| -- |
YDXCP |
| -- |
BDX |
| -- |
BTCTA |
| -- |
NLE |
| -- |
OCLCF |
| -- |
OCLCO |
| -- |
OCLCQ |
| -- |
CSAIL |
| -- |
OCLCO |
| -- |
CNCAR |
| -- |
REDDC |
| -- |
LIP |
| -- |
ZHC |
| -- |
MEU |
| -- |
UKMGB |
| -- |
UKUOY |
| -- |
OCLCQ |
| -- |
UTP |
| -- |
BDP |
| -- |
OCL |
| -- |
MEAUC |
| -- |
OCL |
| -- |
NTU |
| -- |
KH8 |
| 042 ## - AUTHENTICATION CODE |
| Authentication code |
nbic |
| 043 ## - GEOGRAPHIC AREA CODE |
| Geographic area code |
e------ |
| 082 04 - DEWEY DECIMAL CLASSIFICATION NUMBER |
| Classification number |
940.3 KER |
| 100 1# - MAIN ENTRY--PERSONAL NAME |
| Personal name |
Kershaw, Ian, |
| Relator term |
author. |
| Real World Object URI |
http://www.wikidata.org/entity/Q312532. |
| 245 10 - TITLE STATEMENT |
| Title |
To Hell and Back : |
| Remainder of title |
Europe, 1914-1949 / |
| Statement of responsibility, etc. |
Ian Kershaw. |
| 264 #1 - PRODUCTION, PUBLICATION, DISTRIBUTION, MANUFACTURE, AND COPYRIGHT NOTICE |
| Place of production, publication, distribution, manufacture |
New York ; |
| -- |
Great Britain : |
| Name of producer, publisher, distributor, manufacturer |
Penguin Books, |
| Date of production, publication, distribution, manufacture, or copyright notice |
2016. |
| 264 #4 - PRODUCTION, PUBLICATION, DISTRIBUTION, MANUFACTURE, AND COPYRIGHT NOTICE |
| Date of production, publication, distribution, manufacture, or copyright notice |
©2015. |
| 300 ## - PHYSICAL DESCRIPTION |
| Extent |
xxvi, 592 pages ; |
| -- |
5 maps ; |
| -- |
16 unnumbered pages of plates : |
| Other physical details |
some colour illustrations, maps ; |
| Dimensions |
1.5 x 5.4 x 8.4 inches. |
| 336 ## - CONTENT TYPE |
| Content type term |
text |
| Content type code |
txt |
| Source |
rdacontent. |
| 337 ## - MEDIA TYPE |
| Media type term |
unmediated |
| Media type code |
n |
| Source |
rdamedia. |
| 338 ## - CARRIER TYPE |
| Carrier type term |
volume |
| Carrier type code |
nc |
| Source |
rdacarrier. |
| 490 1# - SERIES STATEMENT |
| Series statement |
Penguin history of Europe ; |
| Volume/sequential designation |
8. |
| 500 ## - GENERAL NOTE |
| General note |
Includes Index |
| 504 ## - BIBLIOGRAPHY, ETC. NOTE |
| Bibliography, etc. note |
Includes bibliographical references (pages 523-550) and index. |
| 505 0# - FORMATTED CONTENTS NOTE |
| Formatted contents note |
Introduction: Europe's era of self-destruction -- On the brink -- The great disaster -- Turbulent peace -- Dancing on the volcano -- Gathering shadows -- Danger zone -- Towards the abyss -- Hell on earth -- Quiet transitions in the dark decades -- Out of the ashes. |
| 520 ## - SUMMARY, ETC. |
| Summary, etc. |
In the summer of 1914 most of Europe plunged into a war so catastrophic that it unhinged the continent's politics and beliefs in a way that took generations to recover from. The disaster terrified its survivors, shocked that a civilization that had blandly assumed itself to be a model for the rest of the world had collapsed into a chaotic savagery beyond any comparison. In 1939 Europeans would initiate a second conflict that managed to be even worse - a war in which the killing of civilians was central and which culminated in the Holocaust. To Hell and Back tells this story with humanity, flair and originality. Kershaw gives a compelling narrative of events, but he also wrestles with the most difficult issues that the events raise - with what it meant for the Europeans who initiated and lived through such fearful times - and what this means for us. |
| 647 #7 - SUBJECT ADDED ENTRY--NAMED EVENT |
| Source of heading or term |
fast |
| Authority record control number or standard number |
(OCoLC)fst01180924. |
| 647 #7 - SUBJECT ADDED ENTRY--NAMED EVENT |
| Source of heading or term |
fast |
| Authority record control number or standard number |
(OCoLC)fst01180746. |
| 648 #7 - SUBJECT ADDED ENTRY--CHRONOLOGICAL TERM |
| Chronological term |
1871-1945 |
| Source of heading or term |
fast. |
| 650 #0 - SUBJECT ADDED ENTRY--TOPICAL TERM |
| Topical term or geographic name entry element |
World War, 1914-1918 |
| General subdivision |
Causes. |
| 650 #0 - SUBJECT ADDED ENTRY--TOPICAL TERM |
| Topical term or geographic name entry element |
World War, 1939-1945 |
| General subdivision |
Causes. |
| 650 #7 - SUBJECT ADDED ENTRY--TOPICAL TERM |
| Topical term or geographic name entry element |
War |
| General subdivision |
Causes. |
| Source of heading or term |
fast |
| Authority record control number or standard number |
(OCoLC)fst01170331. |
| 651 #0 - SUBJECT ADDED ENTRY--GEOGRAPHIC NAME |
| Geographic name |
Europe |
| General subdivision |
History |
| Chronological subdivision |
1871-1918. |
| 651 #0 - SUBJECT ADDED ENTRY--GEOGRAPHIC NAME |
| Geographic name |
Europe |
| General subdivision |
History |
| Chronological subdivision |
1918-1945. |
| 651 #7 - SUBJECT ADDED ENTRY--GEOGRAPHIC NAME |
| Geographic name |
Europe. |
| Source of heading or term |
fast |
| Authority record control number or standard number |
(OCoLC)fst01245064. |
| 655 #7 - INDEX TERM--GENRE/FORM |
| Genre/form data or focus term |
History. |
| Source of term |
fast |
| Authority record control number or standard number |
(OCoLC)fst01411628. |
| 830 #0 - SERIES ADDED ENTRY--UNIFORM TITLE |
| Uniform title |
Penguin history of Europe ; |
| Volume/sequential designation |
8. |
| 942 ## - ADDED ENTRY ELEMENTS (KOHA) |
| Source of classification or shelving scheme |
|
| Koha item type |
Teaching Resources |